| 000 | 00681nam a22001937a 4500 | ||
|---|---|---|---|
| 999 |
_c3286 _d3286 |
||
| 003 | AR-CdUCM | ||
| 008 | 190306b ||||| |||| 00| 0 spa d | ||
| 040 |
_aMUNICIPALIDAD PROVINCIAL DEL CUSCO _cBIBLIOTECA MUNICIPAL DEL CUSCO |
||
| 082 |
_a868.6 / _bM64 |
||
| 100 |
_aMiró, Gabriel _910939 |
||
| 245 | _aDel vivir, corpus y otros cuentos / | ||
| 260 |
_aBuenos Aires : _bLosada, _c1951. |
||
| 300 |
_a188 páginas ; _c18 cm. |
||
| 505 | _aContenido: Del vivir -- Corpus -- Los amigos, los amantes y la muerte -- En automóvil -- La niña del Cuévano -- Las hermanas ... | ||
| 650 |
_aLiteratura española _9362 |
||
| 650 |
_aSiglo XX _98 |
||
| 942 |
_2ddc _cLIBROS |
||
| 945 | _aafb | ||